Registro dos aquicultores do estado do Rio de Janeiro: relatório de atividades (Registro n. 300495)
[ somente texto ]
| 000 -LÍDER | |
|---|---|
| Campo de controle fixo | 01001nam a22003377a 4500 |
| 001 - NÚMERO DE CONTROLE | |
| Número de controle | BR2024001967 |
| 003 - CÓDIGO MARC DA AGÊNCIA CATALOGADORA | |
| Campo de controle | BR-BrBNA |
| 005 - DATA E HORA DA ÚLTIMA ATUALIZAÇÃO | |
| Campo de controle | 20240711163257.0 |
| 008 - CAMPO DE TAMANHO FIXO | |
| Campo fixo de controle | 240711b bl.||||| |||| 00| 0 por d |
| 040 ## - FONTE DA CATALOGAÇÃO | |
| Agência catalogadora | BR-BrBNA |
| Idioma da catalogação | por |
| 041 ## - CÓDIGO DO IDIOMA | |
| Código do Idioma | por |
| 072 ## - CATEGORIA AGRIS | |
| Código da categoria de assunto/objeto | <a href="M12 ; D50">M12 ; D50</a> |
| 090 ## - NÚMERO DE CHAMADA | |
| Localização na estante | M12 BR2024001967 |
| 110 ## - ENTRADA PRINCIPAL - ENTIDADE | |
| Nome da entidade ou lugar | Superintendência Federal da Pesca e Aquicultura, Rio de Janeiro, RJ (Brasil). Registro de Aquicultura, Indústria e Comercialização |
| 245 ## - TÍTULO PRINCIPAL | |
| Título principal | Registro dos aquicultores do estado do Rio de Janeiro: relatório de atividades |
| 260 ## - IMPRENTA (PUBLICAÇÃO, DISTRIBUIÇÃO, ETC.) | |
| Lugar de publicação, distribuição, etc. | Rio de Janeiro, RJ (Brasil) |
| Data de publicação, distribuição, etc | 2011 |
| 300 ## - DESCRIÇÃO FÍSICA | |
| Extensão | 33 p. |
| 500 ## - NOTA GERAL | |
| Notas gerais | 53 illus.; 2 tables |
| 650 ## - ASSUNTO - THESAGRO | |
| Cabeçalho tópico ou nome geográfico | AQUICULTURA |
| 650 ## - ASSUNTO - THESAGRO | |
| Cabeçalho tópico ou nome geográfico | TANQUE |
| 650 ## - ASSUNTO - THESAGRO | |
| Cabeçalho tópico ou nome geográfico | ALEVINO |
| 650 ## - ASSUNTO - THESAGRO | |
| Cabeçalho tópico ou nome geográfico | PESCA ARTESANAL |
| 650 ## - ASSUNTO - THESAGRO | |
| Cabeçalho tópico ou nome geográfico | PESCA CONTINENTAL |
| 650 ## - ASSUNTO - THESAGRO | |
| Cabeçalho tópico ou nome geográfico | PEIXE ORNAMENTAL |
| 650 ## - ASSUNTO - THESAGRO | |
| Cabeçalho tópico ou nome geográfico | TILÁPIA |
| 650 ## - ASSUNTO - THESAGRO | |
| Cabeçalho tópico ou nome geográfico | PESCADOR |
| 650 ## - ASSUNTO - THESAGRO | |
| Cabeçalho tópico ou nome geográfico | COMUNIDADE PESQUEIRA |
| 650 ## - ASSUNTO - THESAGRO | |
| Cabeçalho tópico ou nome geográfico | LEGISLAÇÃO AMBIENTAL |
| 909 ## - IDENTIFICAÇÃO DO CATALOGADOR | |
| Ano e mês da catalogação (aaaamm) | 202407 |
| Identificação do catalogador | Fernando |
| 942 ## - TIPO ESPECÍFICO | |
| Tipo de material | Livros |
| 952 ## - LOCATION AND ITEM INFORMATION (KOHA) | |
| -- | 2024-07-11 |
| Status de empréstimo | Fonte de classificação | Status de danificação | Não pode ser emprestado | Código da coleção | Localização permanente | Localização atual | Localização na estante | Total Checkouts | Número de chamada | Código de barras | Tipo de material |
|---|---|---|---|---|---|---|---|---|---|---|---|
| Classificação AGRIS | Agrobase | Biblioteca Nacional de Agricultura - Binagri | Biblioteca Nacional de Agricultura - Binagri | Agrobase - Acervo Geral | M12 BR2024001967 | 2024-3214 | Livros |

BINAGRI